[Event "WCO2014"]
[Site "Tromso"]
[Date "2014.08.03"]
[Round "2.47"]
[WhiteID "411850"]
[White "Smith Olivia"]
[BlackID "7101570"]
[Black "Aulia Medina Warda"]
[Result "0-1"]
[LiveChessVersion "1.4.3"]
[BlackElo "2397"]
[WhiteElo "1968"]

1. e4 {[%clk 1:30:58]} e6 {[%clk 1:30:55]} 2. d4 {[%clk 1:31:23]} d5
{[%clk 1:31:20]} 3. Nd2 {[%clk 1:31:39]} Nc6 {[%clk 1:30:09]} 4. Ngf3
{[%clk 1:31:16]} Nf6 {[%clk 1:30:24]} 5. e5 {[%clk 1:31:27]} Nd7 {[%clk 1:30:47]}
6. c3 {[%clk 1:28:47]} f6 {[%clk 1:29:31]} 7. exf6 {[%clk 1:29:12]} Qxf6
{[%clk 1:29:54]} 8. Bb5 {[%clk 1:28:52]} a6 {[%clk 1:25:53]} 9. Ba4
{[%clk 1:23:59]} Bd6 {[%clk 1:26:02]} 10. O-O {[%clk 1:23:04]} O-O
{[%clk 1:26:21]} 11. Bxc6 {[%clk 1:14:26]} bxc6 {[%clk 1:26:44]} 12. Nb3
{[%clk 1:13:40]} a5 {[%clk 1:24:31]} 13. Be3 {[%clk 1:07:54]} e5 {[%clk 1:23:39]}
14. Nc5 e4 {[%clk 1:21:12]} 15. Nxd7 {[%clk 0:36:29]} Bxd7 {[%clk 1:21:25]} 16.
Nd2 {[%clk 0:25:25]} Qh4 {[%clk 1:00:57]} 17. g3 {[%clk 0:23:28]} Qh3
{[%clk 1:01:08]} 18. f4 {[%clk 0:22:06]} exf3 {[%clk 1:00:06]} 19. Rxf3
{[%clk 0:22:00]} Bg4 {[%clk 0:59:55]} 20. Rxf8+ {[%clk 0:22:01]} Rxf8
{[%clk 1:00:20]} 21. Qe1 {[%clk 0:21:08]} Rf6 {[%clk 0:55:14]} 22. Nf1
{[%clk 0:16:15]} Bf3 {[%clk 0:52:56]} 23. Qd2 {[%clk 0:15:17]} Be4
{[%clk 0:48:43]} 24. Qe2 {[%clk 0:14:54]} Bf3 {[%clk 0:48:04]} 25. Qd2
{[%clk 0:14:31]} h5 {[%clk 0:47:45]} 26. Re1 {[%clk 0:09:48]} Be4
{[%clk 0:46:04]} 27. Qe2 {[%clk 0:07:20]} h4 {[%clk 0:44:43]} 28. Nd2
{[%clk 0:00:54]} hxg3 {[%clk 0:42:30]} 29. Nxe4 {[%clk 0:01:20]} gxh2+
{[%clk 0:42:50]} 30. Kh1 {[%clk 0:01:35]} dxe4 {[%clk 0:43:11]} 31. c4
{[%clk 0:00:54]} Qf3+ {[%clk 0:38:13]} 32. Qxf3 {[%clk 0:01:03]} exf3
{[%clk 0:38:38]} 33. Bf2 {[%clk 0:00:57]} g5 {[%clk 0:37:10]} 0-1

[Event "WCO2014"]
[Site "Tromso"]
[Date "2014.08.03"]
[Round "2.46"]
[WhiteID "7101198"]
[White "Sihite Chelsie Monica Ignesias"]
[BlackID "1800191"]
[Black "Roberts Lynda"]
[Result "1-0"]
[LiveChessVersion "1.4.3"]
[BlackElo "1920"]
[WhiteElo "2206"]

1. e4 {[%clk 1:30:54]} c5 {[%clk 1:30:56]} 2. Nf3 {[%clk 1:30:14]} g6
{[%clk 1:31:21]} 3. Bc4 {[%clk 1:18:03]} Bg7 {[%clk 1:30:26]} 4. O-O
{[%clk 1:18:19]} Nc6 {[%clk 1:29:49]} 5. c3 {[%clk 1:16:30]} e6 {[%clk 1:28:31]}
6. Re1 {[%clk 1:15:24]} Nge7 {[%clk 1:27:35]} 7. e5 {[%clk 1:14:22]} O-O
{[%clk 1:26:20]} 8. d4 {[%clk 1:08:44]} cxd4 {[%clk 1:26:21]} 9. cxd4
{[%clk 1:09:12]} d5 {[%clk 1:25:34]} 10. Bf1 {[%clk 1:05:12]} Nf5
{[%clk 1:21:15]} 11. g4 {[%clk 1:04:48]} Nh4 {[%clk 1:19:09]} 12. Nxh4
{[%clk 0:50:53]} Qxh4 {[%clk 1:19:31]} 13. Re3 {[%clk 0:45:28]} f5
{[%clk 1:14:05]} 14. Rg3 {[%clk 0:45:18]} fxg4 {[%clk 1:08:32]} 15. Qxg4
{[%clk 0:45:27]} Qxg4 {[%clk 1:08:12]} 16. Rxg4 {[%clk 0:45:55]} Nb4
{[%clk 1:03:54]} 17. Na3 {[%clk 0:43:12]} a6 {[%clk 0:58:27]} 18. Bd2
{[%clk 0:39:10]} Nc6 {[%clk 0:58:19]} 19. Nc2 {[%clk 0:39:24]} Bd7
{[%clk 0:57:47]} 20. Ne1 {[%clk 0:31:31]} Ne7 {[%clk 0:53:30]} 21. Nd3
{[%clk 0:26:06]} b6 {[%clk 0:50:11]} 22. a4 {[%clk 0:22:43]} h5 {[%clk 0:48:20]}
23. Rg2 {[%clk 0:21:57]} Kh7 {[%clk 0:46:26]} 24. Bb4 {[%clk 0:20:58]} Rf7
{[%clk 0:45:16]} 25. Bxe7 {[%clk 0:21:22]} Rxe7 {[%clk 0:45:36]} 26. Nf4
{[%clk 0:21:52]} Bh6 {[%clk 0:31:43]} 27. Nxg6 {[%clk 0:22:04]} Rg7
{[%clk 0:30:42]} 28. Bd3 {[%clk 0:22:30]} Kg8 {[%clk 0:30:38]} 29. Rg3
{[%clk 0:20:49]} Be8 {[%clk 0:28:04]} 30. Nh4 {[%clk 0:20:12]} a5
{[%clk 0:25:52]} 31. Kf1 {[%clk 0:19:53]} Rxg3 {[%clk 0:23:46]} 32. hxg3
{[%clk 0:20:10]} Rc8 {[%clk 0:23:28]} 33. f4 {[%clk 0:20:14]} Rc7
{[%clk 0:22:34]} 34. Kf2 {[%clk 0:19:44]} Bf8 {[%clk 0:20:27]} 35. Ng2
{[%clk 0:18:41]} Kg7 {[%clk 0:19:35]} 36. f5 {[%clk 0:16:55]} exf5
{[%clk 0:18:59]} 37. Nf4 {[%clk 0:17:19]} Bf7 {[%clk 0:15:24]} 38. Re1
{[%clk 0:15:22]} Bb4 {[%clk 0:14:24]} 39. Re2 {[%clk 0:15:43]} h4
{[%clk 0:08:43]} 40. gxh4 {[%clk 0:14:33]} Be7 {[%clk 0:08:41]} 41. Kg3
{[%clk 0:12:10]} Rc1 {[%clk 0:05:56]} 42. Rg2 {[%clk 0:05:37]} Rh1
{[%clk 0:03:59]} 43. Bxf5 {[%clk 0:04:27]} Bxh4+ {[%clk 0:03:15]} 44. Kg4
{[%clk 0:04:43]} Be1 {[%clk 0:29:58]} 45. Bd7 {[%clk 0:34:14]} Kf8
{[%clk 0:28:44]} 46. e6 {[%clk 0:33:16]} Be8 {[%clk 0:27:53]} 47. Bxe8
{[%clk 0:33:43]} Kxe8 {[%clk 0:28:06]} 48. Nxd5 {[%clk 0:34:07]} Rh4+
{[%clk 0:28:02]} 49. Kf5 {[%clk 0:34:29]} Rh5+ {[%clk 0:28:06]} 50. Ke4
{[%clk 0:34:49]} Rh8 {[%clk 0:26:28]} 51. Ke5 {[%clk 0:34:24]} Bb4
{[%clk 0:24:34]} 52. Nxb4 {[%clk 0:34:17]} axb4 {[%clk 0:24:59]} 53. d5
{[%clk 0:34:10]} 1-0

[Event "WCO2014"]
[Site "Tromso"]
[Date "2014.08.03"]
[Round "2.45"]
[WhiteID "1802267"]
[White "Wang Alyssa"]
[BlackID "7101244"]
[Black "Citra Dewi Ardhiani Anastasia"]
[Result "0-1"]
[LiveChessVersion "1.4.3"]
[BlackElo "2128"]
[WhiteElo "1610"]

1. d4 {[%clk 1:30:56]} Nf6 {[%clk 1:30:50]} 2. c4 {[%clk 1:31:12]} g6
{[%clk 1:30:34]} 3. Nc3 {[%clk 1:31:25]} Bg7 {[%clk 1:30:53]} 4. Nf3
{[%clk 1:31:36]} d6 {[%clk 1:29:49]} 5. g3 {[%clk 1:31:25]} O-O {[%clk 1:28:05]}
6. Bg2 {[%clk 1:30:49]} Nbd7 {[%clk 1:26:28]} 7. O-O {[%clk 1:30:06]} e5
{[%clk 1:26:26]} 8. e4 {[%clk 1:20:45]} a5 {[%clk 1:20:15]} 9. Re1
{[%clk 1:13:08]} Ng4 {[%clk 1:03:41]} 10. h3 {[%clk 1:03:02]} exd4
{[%clk 1:03:47]} 11. Nxd4 {[%clk 1:00:12]} Nge5 {[%clk 1:03:09]} 12. b3
{[%clk 0:53:41]} Nc5 {[%clk 1:01:37]} 13. Be3 {[%clk 0:49:11]} Bd7
{[%clk 0:56:13]} 14. Qc2 {[%clk 0:45:16]} Re8 {[%clk 0:48:45]} 15. Rad1
{[%clk 0:43:37]} Qc8 {[%clk 0:48:10]} 16. f4 {[%clk 0:35:34]} Nc6
{[%clk 0:44:55]} 17. Nxc6 {[%clk 0:34:08]} Bxc6 {[%clk 0:44:56]} 18. Bd4
{[%clk 0:32:57]} f6 {[%clk 0:34:43]} 19. Nd5 {[%clk 0:31:10]} Bxd5
{[%clk 0:33:54]} 20. cxd5 {[%clk 0:26:45]} b6 {[%clk 0:33:29]} 21. Qc3
{[%clk 0:25:56]} Nd7 {[%clk 0:32:53]} 22. Rc1 {[%clk 0:25:20]} Ra7
{[%clk 0:33:12]} 23. Rc2 {[%clk 0:23:02]} Re7 {[%clk 0:31:27]} 24. g4
{[%clk 0:19:06]} g5 {[%clk 0:28:38]} 25. Qg3 {[%clk 0:14:42]} gxf4
{[%clk 0:27:35]} 26. Qxf4 {[%clk 0:14:56]} Ne5 {[%clk 0:27:47]} 27. Bxe5
{[%clk 0:13:58]} dxe5 {[%clk 0:18:56]} 28. Qf2 {[%clk 0:13:13]} Qd7
{[%clk 0:16:04]} 29. Rc6 {[%clk 0:12:51]} Rf7 {[%clk 0:16:24]} 30. Rec1
{[%clk 0:12:32]} Bf8 {[%clk 0:13:40]} 31. Qh4 {[%clk 0:11:29]} Bd6
{[%clk 0:13:22]} 32. Rf1 {[%clk 0:10:50]} Qe7 {[%clk 0:13:20]} 33. Rf5
{[%clk 0:10:20]} Ra8 {[%clk 0:13:23]} 34. g5 {[%clk 0:09:06]} fxg5
{[%clk 0:12:57]} 35. Qxg5+ {[%clk 0:08:52]} Qxg5 {[%clk 0:13:14]} 36. Rxg5+
{[%clk 0:09:16]} Kh8 {[%clk 0:12:35]} 37. Rf5 {[%clk 0:07:09]} Rxf5
{[%clk 0:11:28]} 38. exf5 {[%clk 0:07:23]} Kg7 {[%clk 0:11:50]} 39. Be4
{[%clk 0:07:12]} Kf6 {[%clk 0:08:59]} 40. Kf2 {[%clk 0:05:06]} Rg8
{[%clk 0:09:13]} 41. Rc3 {[%clk 0:01:21]} Bc5+ {[%clk 0:09:30]} 42. Kf3
{[%clk 0:30:48]} Rg1 {[%clk 0:38:59]} 43. a3 {[%clk 0:26:09]} Rf1+
{[%clk 0:38:42]} 44. Kg2 {[%clk 0:25:56]} Rf4 {[%clk 0:37:49]} 45. Bb1
{[%clk 0:21:03]} e4 {[%clk 0:37:37]} 46. b4 {[%clk 0:18:32]} axb4
{[%clk 0:37:58]} 47. axb4 {[%clk 0:18:48]} Bd6 {[%clk 0:38:13]} 48. Rc4
{[%clk 0:17:00]} Kxf5 {[%clk 0:38:25]} 49. Rxe4 {[%clk 0:16:18]} Rxe4
{[%clk 0:37:48]} 50. Kf3 {[%clk 0:16:37]} Bxb4 {[%clk 0:38:08]} 51. Bxe4+
{[%clk 0:16:57]} Ke5 {[%clk 0:38:28]} 52. Ke3 {[%clk 0:16:16]} h5
{[%clk 0:38:34]} 53. Kd3 {[%clk 0:15:08]} b5 {[%clk 0:38:26]} 54. Bg2
{[%clk 0:14:12]} Be1 {[%clk 0:37:50]} 55. Ke2 {[%clk 0:11:01]} Ba5
{[%clk 0:37:28]} 56. Kd3 {[%clk 0:10:36]} Kf4 {[%clk 0:37:13]} 57. Kd4
{[%clk 0:10:30]} h4 {[%clk 0:33:51]} 58. Bf1 {[%clk 0:09:55]} Kg3
{[%clk 0:33:48]} 59. Bxb5 {[%clk 0:07:52]} Kxh3 {[%clk 0:34:09]} 60. Bc6
{[%clk 0:07:48]} Bb6+ {[%clk 0:32:55]} 61. Kc4 {[%clk 0:06:01]} Kh2
{[%clk 0:33:03]} 62. Kb5 {[%clk 0:06:00]} Bf2 {[%clk 0:32:36]} 63. Bb7
{[%clk 0:01:21]} h3 {[%clk 0:32:39]} 64. Kc6 {[%clk 0:01:07]} Bg3
{[%clk 0:33:04]} 0-1

[Event "WCO2014"]
[Site "Tromso"]
[Date "2014.08.03"]
[Round "2.21"]
[WhiteID "2802015"]
[White "Klinova Masha"]
[BlackID "1201930"]
[Black "Peptan Corina-Isabela"]
[Result "1/2-1/2"]
[LiveChessVersion "1.4.3"]
[BlackElo "2422"]
[WhiteElo "2312"]

1. e4 {[%clk 1:30:58]} c5 {[%clk 1:30:59]} 2. Nf3 {[%clk 1:31:22]} e6
{[%clk 1:31:27]} 3. c4 {[%clk 1:31:32]} Nc6 {[%clk 1:31:52]} 4. Nc3
{[%clk 1:31:58]} Nd4 {[%clk 1:32:18]} 5. a3 {[%clk 1:32:19]} Ne7 {[%clk 1:32:02]}
6. Nxd4 {[%clk 1:32:15]} cxd4 {[%clk 1:32:27]} 7. Ne2 {[%clk 1:32:40]} e5
{[%clk 1:32:13]} 8. d3 {[%clk 1:31:40]} d6 {[%clk 1:26:40]} 9. Ng3
{[%clk 1:21:51]} Nc6 {[%clk 1:19:32]} 10. Be2 {[%clk 1:21:29]} g6
{[%clk 0:47:46]} 11. O-O {[%clk 1:09:25]} h5 {[%clk 0:47:42]} 12. f4
{[%clk 1:09:42]} h4 {[%clk 0:45:48]} 13. Nh1 {[%clk 1:10:05]} Bh6
{[%clk 0:46:03]} 14. fxe5 {[%clk 0:32:38]} Nxe5 {[%clk 0:28:31]} 15. Bxh6
{[%clk 0:29:11]} Rxh6 {[%clk 0:28:59]} 16. Qd2 {[%clk 0:29:40]} g5
{[%clk 0:27:59]} 17. b4 {[%clk 0:30:04]} Be6 {[%clk 0:18:48]} 18. Nf2
{[%clk 0:29:43]} Rg6 {[%clk 0:16:04]} 19. h3 {[%clk 0:24:01]} Qb6
{[%clk 0:15:32]} 20. Bg4 {[%clk 0:23:23]} O-O-O {[%clk 0:11:40]} 21. Rac1
{[%clk 0:21:48]} Kb8 {[%clk 0:12:02]} 22. Bxe6 {[%clk 0:19:38]} fxe6
{[%clk 0:10:16]} 23. Ng4 {[%clk 0:20:03]} Nxg4 {[%clk 0:08:51]} 24. hxg4
{[%clk 0:20:28]} Qc7 {[%clk 0:09:09]} 25. Qf2 {[%clk 0:19:20]} Qg7
{[%clk 0:06:15]} 26. Qf7 {[%clk 0:18:52]} Rc8 {[%clk 0:04:38]} 27. Qxg7
{[%clk 0:17:27]} Rxg7 {[%clk 0:05:07]} 28. Rf6 {[%clk 0:17:51]} Re8
{[%clk 0:05:34]} 29. Rcf1 {[%clk 0:17:41]} Ree7 {[%clk 0:04:49]} 30. a4
{[%clk 0:10:13]} Kc7 {[%clk 0:04:39]} 31. a5 {[%clk 0:10:22]} Kc6
{[%clk 0:01:16]} 32. Rf8 {[%clk 0:09:02]} a6 {[%clk 0:01:37]} 33. R1f6
{[%clk 0:09:10]} b6 {[%clk 0:01:39]} 34. Ra8 {[%clk 0:06:43]} Ra7
{[%clk 0:01:17]} 35. Rxa7 {[%clk 0:06:46]} Rxa7 {[%clk 0:01:46]} 36. axb6
{[%clk 0:07:08]} Re7 {[%clk 0:01:21]} 37. Rg6 {[%clk 0:07:33]} Kxb6
{[%clk 0:01:23]} 38. Rxg5 {[%clk 0:07:59]} Kc6 {[%clk 0:01:03]} 39. Kh2
{[%clk 0:06:06]} e5 {[%clk 0:01:08]} 40. Rf5 {[%clk 0:04:52]} Rb7
{[%clk 0:01:25]} 41. b5+ {[%clk 0:04:57]} axb5 {[%clk 0:01:51]} 42. cxb5+
{[%clk 0:05:25]} Kxb5 {[%clk 0:28:01]} 43. g5 {[%clk 0:29:32]} Kb4
{[%clk 0:27:08]} 44. Kh3 {[%clk 0:29:45]} Kc3 {[%clk 0:27:28]} 45. Rf3
{[%clk 0:29:51]} d5 {[%clk 0:26:04]} 46. exd5 {[%clk 0:30:00]} e4
{[%clk 0:26:30]} 47. dxe4+ {[%clk 0:30:13]} d3 {[%clk 0:26:56]} 48. d6
{[%clk 0:25:51]} Kd4 {[%clk 0:25:23]} 49. e5 {[%clk 0:21:09]} d2 {[%clk 0:25:35]}
50. Rf1 {[%clk 0:20:56]} Kxe5 {[%clk 0:25:40]} 51. g6 {[%clk 0:17:01]} Rd7
{[%clk 0:20:46]} 52. Rd1 {[%clk 0:16:26]} Rxd6 {[%clk 0:21:07]} 53. g7
{[%clk 0:16:52]} Rg6 {[%clk 0:21:11]} 54. Rxd2 {[%clk 0:17:17]} Rxg7
{[%clk 0:21:20]} 55. Kxh4 {[%clk 0:17:27]} Rh7+ {[%clk 0:20:56]} 56. Kg4
{[%clk 0:16:56]} Rg7+ {[%clk 0:21:14]} 57. Kh5 {[%clk 0:16:42]} 1/2-1/2

[Event "WCO2014"]
[Site "Tromso"]
[Date "2014.08.03"]
[Round "2.22"]
[WhiteID "1200496"]
[White "Foisor Cristina-Adela"]
[BlackID "14100126"]
[Black "Shvayger Yuliya"]
[Result "1/2-1/2"]
[LiveChessVersion "1.4.3"]
[BlackElo "2275"]
[WhiteElo "2404"]

1. c4 {[%clk 1:30:58]} c5 {[%clk 1:30:48]} 2. Nf3 {[%clk 1:30:53]} Nc6
{[%clk 1:30:45]} 3. d4 {[%clk 1:30:43]} cxd4 {[%clk 1:30:24]} 4. Nxd4
{[%clk 1:31:09]} g6 {[%clk 1:29:33]} 5. e4 {[%clk 1:31:15]} Bg7 {[%clk 1:28:34]}
6. Be3 {[%clk 1:31:38]} Nf6 {[%clk 1:25:00]} 7. Nc3 {[%clk 1:32:02]} d6
{[%clk 1:25:16]} 8. Be2 {[%clk 1:31:57]} O-O {[%clk 1:25:23]} 9. Qd2
{[%clk 1:31:35]} Ng4 {[%clk 1:11:50]} 10. Bxg4 {[%clk 1:31:17]} Bxg4
{[%clk 1:12:18]} 11. f3 {[%clk 1:28:09]} Be6 {[%clk 1:12:35]} 12. b3
{[%clk 1:25:54]} Qa5 {[%clk 1:11:25]} 13. Rc1 {[%clk 1:23:46]} Rfc8
{[%clk 1:08:49]} 14. O-O {[%clk 1:20:24]} a6 {[%clk 1:07:57]} 15. Rfd1
{[%clk 1:08:57]} Nxd4 {[%clk 0:47:59]} 16. Bxd4 {[%clk 1:09:21]} Bxd4+
{[%clk 0:48:19]} 17. Qxd4 {[%clk 1:09:47]} b5 {[%clk 0:48:23]} 18. f4
{[%clk 0:55:35]} bxc4 {[%clk 0:48:00]} 19. b4 {[%clk 0:53:56]} Qc7
{[%clk 0:36:38]} 20. Rf1 {[%clk 0:46:28]} f6 {[%clk 0:31:10]} 21. f5
{[%clk 0:43:54]} Bf7 {[%clk 0:31:18]} 22. Rf2 {[%clk 0:43:04]} Rab8
{[%clk 0:27:55]} 23. a3 {[%clk 0:42:21]} a5 {[%clk 0:20:28]} 24. b5
{[%clk 0:39:35]} a4 {[%clk 0:17:42]} 25. Qd2 {[%clk 0:29:55]} Qc5
{[%clk 0:17:37]} 26. Qh6 {[%clk 0:27:29]} g5 {[%clk 0:14:47]} 27. h4
{[%clk 0:22:00]} Qe3 {[%clk 0:14:11]} 28. Rcc2 {[%clk 0:22:06]} Qg3
{[%clk 0:11:58]} 29. hxg5 {[%clk 0:19:54]} Qxg5 {[%clk 0:12:06]} 30. Qh3
{[%clk 0:15:44]} Kh8 {[%clk 0:12:01]} 31. Kh2 {[%clk 0:11:31]} Rg8
{[%clk 0:12:07]} 32. Kg1 {[%clk 0:10:39]} Rg7 {[%clk 0:11:34]} 33. Kf1
{[%clk 0:06:30]} Be8 {[%clk 0:10:26]} 34. Kg1 {[%clk 0:05:35]} Bf7
{[%clk 0:10:11]} 35. Kf1 {[%clk 0:05:50]} Be8 {[%clk 0:10:36]} 36. Kg1
{[%clk 0:06:14]} Bf7 {[%clk 0:10:57]} 1/2-1/2

[Event "WCO2014"]
[Site "Tromso"]
[Date "2014.08.03"]
[Round "2.23"]
[WhiteID "2807602"]
[White "Vasiliev Olga"]
[BlackID "1210246"]
[Black "L'ami Alina"]
[Result "0-1"]
[LiveChessVersion "1.4.3"]
[BlackElo "2446"]
[WhiteElo "2276"]

1. e4 {[%clk 1:30:56]} e6 {[%clk 1:30:56]} 2. d4 {[%clk 1:31:18]} d5
{[%clk 1:31:22]} 3. e5 {[%clk 1:31:33]} c5 {[%clk 1:31:40]} 4. c3
{[%clk 1:31:53]} Nc6 {[%clk 1:31:38]} 5. Nf3 {[%clk 1:31:45]} Bd7
{[%clk 1:31:28]} 6. Be2 {[%clk 1:31:23]} cxd4 {[%clk 1:30:43]} 7. cxd4
{[%clk 1:31:15]} Qb6 {[%clk 1:23:11]} 8. O-O {[%clk 1:24:05]} Nh6
{[%clk 1:22:34]} 9. Nc3 {[%clk 1:22:14]} Nf5 {[%clk 1:17:51]} 10. Na4
{[%clk 1:19:53]} Qd8 {[%clk 0:58:28]} 11. Bg5 {[%clk 1:05:14]} Be7
{[%clk 0:56:39]} 12. Bxe7 {[%clk 1:05:09]} Qxe7 {[%clk 0:56:02]} 13. Rc1
{[%clk 1:02:26]} Rc8 {[%clk 0:46:26]} 14. Nc5 {[%clk 0:49:42]} Ncxd4
{[%clk 0:37:46]} 15. Nxd4 {[%clk 0:48:50]} Rxc5 {[%clk 0:38:08]} 16. Nxf5
{[%clk 0:48:48]} exf5 {[%clk 0:38:26]} 17. Qd4 {[%clk 0:48:42]} Rxc1
{[%clk 0:18:46]} 18. Rxc1 {[%clk 0:48:45]} Bc6 {[%clk 0:18:31]} 19. Bb5
{[%clk 0:40:52]} O-O {[%clk 0:08:02]} 20. Bxc6 {[%clk 0:40:53]} bxc6
{[%clk 0:07:56]} 21. Rxc6 {[%clk 0:41:13]} Rd8 {[%clk 0:07:48]} 22. h3
{[%clk 0:41:04]} h6 {[%clk 0:06:17]} 23. b4 {[%clk 0:40:41]} f4 {[%clk 0:06:05]}
24. b5 {[%clk 0:33:25]} Re8 {[%clk 0:04:13]} 25. Ra6 {[%clk 0:30:07]} f3
{[%clk 0:02:00]} 26. gxf3 {[%clk 0:19:26]} Qg5+ {[%clk 0:02:23]} 27. Kh2
{[%clk 0:19:21]} Rxe5 {[%clk 0:01:30]} 28. h4 {[%clk 0:13:25]} Qf5
{[%clk 0:01:16]} 29. Rxa7 {[%clk 0:13:27]} Re2 {[%clk 0:00:38]} 30. Ra8+
{[%clk 0:08:53]} Kh7 {[%clk 0:01:07]} 31. Ra3 {[%clk 0:09:07]} Qc2
{[%clk 0:00:45]} 32. Kg2 {[%clk 0:06:55]} Rd2 {[%clk 0:00:48]} 33. Qe3
{[%clk 0:01:02]} Qg6+ {[%clk 0:01:08]} 34. Kh2 {[%clk 0:00:44]} Rd1
{[%clk 0:01:17]} 35. b6 {[%clk 0:00:44]} Rg1 {[%clk 0:01:03]} 36. Qd3
{[%clk 0:01:09]} f5 {[%clk 0:01:26]} 0-1

[Event "WCO2014"]
[Site "Tromso"]
[Date "2014.08.03"]
[Round "2.24"]
[WhiteID "13903063"]
[White "Bulmaga Irina"]
[BlackID "2806452"]
[Black "Borsuk Angela"]
[Result "1-0"]
[LiveChessVersion "1.4.3"]
[BlackElo "2198"]
[WhiteElo "2354"]

1. e4 {[%clk 1:30:55]} d5 {[%clk 1:30:55]} 2. exd5 {[%clk 1:31:20]} Qxd5
{[%clk 1:31:23]} 3. Nc3 {[%clk 1:31:40]} Qd6 {[%clk 1:31:50]} 4. d4
{[%clk 1:32:02]} Nf6 {[%clk 1:32:15]} 5. Nf3 {[%clk 1:32:19]} a6 {[%clk 1:32:40]}
6. g3 {[%clk 1:32:33]} Bg4 {[%clk 1:32:21]} 7. Bg2 {[%clk 1:32:49]} Nc6
{[%clk 1:32:17]} 8. O-O {[%clk 1:33:04]} O-O-O {[%clk 1:31:32]} 9. d5
{[%clk 1:33:16]} Ne5 {[%clk 1:29:50]} 10. Bf4 {[%clk 1:33:29]} Bxf3
{[%clk 1:30:07]} 11. Bxf3 {[%clk 1:33:19]} Nxf3+ {[%clk 1:30:14]} 12. Qxf3
{[%clk 1:33:43]} e5 {[%clk 1:30:33]} 13. dxe6 {[%clk 1:33:36]} Qxe6
{[%clk 1:30:58]} 14. Bg5 {[%clk 1:32:56]} h6 {[%clk 1:11:35]} 15. Rfe1
{[%clk 1:28:56]} Qb6 {[%clk 1:10:12]} 16. Nd5 {[%clk 1:12:06]} Qc6
{[%clk 1:04:29]} 17. Bxf6 {[%clk 1:10:08]} gxf6 {[%clk 0:58:44]} 18. c4
{[%clk 1:05:26]} Kb8 {[%clk 0:56:04]} 19. Rac1 {[%clk 1:02:43]} Bc5
{[%clk 0:48:35]} 20. Kg2 {[%clk 0:54:27]} Bd4 {[%clk 0:45:06]} 21. b3
{[%clk 0:37:48]} h5 {[%clk 0:28:32]} 22. h4 {[%clk 0:37:46]} Be5 {[%clk 0:25:24]}
23. Rcd1 {[%clk 0:35:51]} Rdg8 {[%clk 0:16:26]} 24. Ne7 {[%clk 0:32:54]} Qxf3+
{[%clk 0:16:47]} 25. Kxf3 {[%clk 0:33:19]} Re8 {[%clk 0:16:58]} 26. Nf5
{[%clk 0:33:32]} Kc8 {[%clk 0:16:54]} 27. Rd3 {[%clk 0:33:19]} b5
{[%clk 0:13:44]} 28. Red1 {[%clk 0:30:14]} bxc4 {[%clk 0:12:22]} 29. bxc4
{[%clk 0:30:42]} Kb7 {[%clk 0:12:18]} 30. Rd7 {[%clk 0:30:19]} Ref8
{[%clk 0:07:48]} 31. Ne7 {[%clk 0:26:39]} a5 {[%clk 0:06:24]} 32. Rb1+
{[%clk 0:26:47]} Ka6 {[%clk 0:04:55]} 33. Nc6 {[%clk 0:23:21]} Rhg8
{[%clk 0:02:48]} 34. Rd5 {[%clk 0:20:08]} Bc3 {[%clk 0:02:11]} 35. Rd3
{[%clk 0:19:29]} 1-0

[Event "WCO2014"]
[Site "Tromso"]
[Date "2014.08.03"]
[Round "2.17"]
[WhiteID "309672"]
[White "Havlikova Kristyna"]
[BlackID "1106619"]
[Black "Socko Monika"]
[Result "0-1"]
[LiveChessVersion "1.4.3"]
[BlackElo "2470"]
[WhiteElo "2215"]

1. e4 {[%clk 1:30:57]} g6 {[%clk 1:30:53]} 2. d4 {[%clk 1:31:14]} d6
{[%clk 1:31:18]} 3. Nc3 {[%clk 1:31:31]} Bg7 {[%clk 1:31:43]} 4. Be3
{[%clk 1:31:38]} a6 {[%clk 1:32:08]} 5. f4 {[%clk 1:31:29]} Nd7 {[%clk 1:31:34]}
6. Nf3 {[%clk 1:28:03]} b5 {[%clk 1:26:23]} 7. Qd2 {[%clk 1:21:01]} Bb7
{[%clk 1:24:27]} 8. a3 {[%clk 0:57:39]} Nb6 {[%clk 1:19:29]} 9. d5
{[%clk 0:51:23]} Nf6 {[%clk 1:14:22]} 10. Nd4 {[%clk 0:50:26]} Rc8
{[%clk 1:08:07]} 11. O-O-O {[%clk 0:26:12]} O-O {[%clk 1:04:42]} 12. Be2
{[%clk 0:23:29]} Qd7 {[%clk 1:00:57]} 13. Nb3 {[%clk 0:21:18]} c5
{[%clk 0:54:24]} 14. dxc6 {[%clk 0:21:04]} Qxc6 {[%clk 0:54:01]} 15. Na5
{[%clk 0:20:41]} Qc7 {[%clk 0:54:26]} 16. Nxb7 {[%clk 0:18:10]} Qxb7
{[%clk 0:50:40]} 17. Bd4 {[%clk 0:06:34]} Nc4 {[%clk 0:45:20]} 18. Bxc4
{[%clk 0:06:59]} Rxc4 {[%clk 0:45:12]} 19. Rhe1 {[%clk 0:03:50]} Rfc8
{[%clk 0:38:53]} 20. e5 {[%clk 0:02:07]} Ng4 {[%clk 0:30:49]} 21. Qe2
{[%clk 0:01:14]} dxe5 {[%clk 0:26:21]} 22. fxe5 {[%clk 0:01:37]} Nh6
{[%clk 0:22:39]} 23. g4 {[%clk 0:02:02]} a5 {[%clk 0:20:48]} 24. b3
{[%clk 0:01:04]} Rxc3 {[%clk 0:17:09]} 25. Bxc3 {[%clk 0:01:29]} Rxc3
{[%clk 0:17:32]} 26. Rd8+ {[%clk 0:01:57]} Bf8 {[%clk 0:18:00]} 27. Qd2
{[%clk 0:02:22]} Qc7 {[%clk 0:16:32]} 28. Rxf8+ {[%clk 0:01:20]} Kxf8
{[%clk 0:17:01]} 29. Qxh6+ {[%clk 0:01:45]} Kg8 {[%clk 0:17:27]} 30. Qd2
{[%clk 0:00:56]} Rxb3 {[%clk 0:16:42]} 31. e6 {[%clk 0:01:18]} fxe6
{[%clk 0:15:30]} 32. Qe2 {[%clk 0:00:54]} Qf4+ {[%clk 0:15:46]} 0-1